[Event "Scarborough CC Jack Frost"]
[Site "Toronto CAN"]
[Date "2010.01.14"]
[Round "2"]
[White "Takov, Chris"]
[Black "Ferreira, Alex"]
[Result "1-0"]
[WhiteElo "1750"]
[BlackElo "2060"]
[PlyCount "121"]
[EventDate "2010.01.07"]
[EventType "swiss"]
[EventRounds "6"]
[EventCountry "CAN"]

1. c4 d5 2. cxd5 Nf6 3. Nc3 Nxd5 4. g3 e5 5. Bg2 c6 6. Nf3 Nxc3 7. bxc3 Bd6 8.
d3 O-O 9. O-O Be6 10. Ng5 Bd5 11. Bxd5 cxd5 12. Qb3 Be7 13. Qxb7 Nd7 14. Qxd5
Bxg5 15. Bxg5 Qxg5 16. Qxd7 Qd2 17. c4 Rfd8 18. Qg4 Rab8 19. Qf3 Rb2 20. Rfe1
Rxa2 21. Qe3 Qxe3 22. fxe3 Rxa1 23. Rxa1 Rd7 24. Ra5 f6 25. Kf2 Kf7 26. e4 Kg6
27. h4 Kh5 28. Kf3 h6 29. Rd5 Re7 30. Rd6 Rf7 31. e3 Rc7 32. Rd5 g5 33. hxg5
hxg5 34. g4+ Kg6 35. c5 a5 36. d4 a4 37. Rd6 Ra7 38. Rb6 a3 39. Rb1 a2 40. Ra1
exd4 41. exd4 Ra3+ 42. Ke2 Kf7 43. d5 Rg3 44. Kd2 Ke7 45. Kc2 Rxg4 46. Kd3 Rg3+
47. Kc4 Re3 48. Rxa2 Rxe4+ 49. Kb5 Kd7 50. Ra7+ Kc8 51. Rf7 g4 52. Rxf6 g3 53.
Rg6 Re3 54. Rg7 Kd8 55. c6 Rc3 56. d6 Ke8 57. Kb6 Kf8 58. Rg4 Ke8 59. Kc7 Rd3
60. d7+ Ke7 61. Rxg3 1-0

[Event "Scarborough CC Jack Frost"]
[Site "Toronto CAN"]
[Date "2010.01.14"]
[Round "2"]
[White "Wu, Aaron"]
[Black "Farrant-Diaz, Nathan"]
[Result "1-0"]
[WhiteElo "1990"]
[BlackElo "1686"]
[PlyCount "69"]
[EventDate "2010.01.07"]
[EventType "swiss"]
[EventRounds "6"]
[EventCountry "CAN"]

1. e4 b6 2. d4 Bb7 3. Bd3 Nf6 4. f3 e6 5. Ne2 c5 6. c3 Nc6 7. Be3 d6 8. Nd2 g6
9. O-O Bg7 10. Ng3 O-O 11. f4 cxd4 12. cxd4 Nd7 13. Nf3 f6 14. Qe2 Nb4 15. f5
exf5 16. exf5 g5 17. a3 Nc6 18. Rac1 Re8 19. Qf2 d5 20. b4 a6 21. h4 h6 22. Nh5
Qe7 23. Rfe1 Qf7 24. Ng3 Qf8 25. Nh2 Nd8 26. Rc7 Bc6 27. hxg5 hxg5 28. Rf1 Qd6
29. Rxd7 Bxd7 30. Bxg5 fxg5 31. Nh5 Bxf5 32. Qxf5 Qh6 33. Nxg7 Qxg7 34. Qxd5+
Ne6 35. Ng4 1-0

[Event "Scarborough CC Jack Frost"]
[Site "Toronto CAN"]
[Date "2010.01.14"]
[Round "2"]
[White "Xie, Peter"]
[Black "Hahnewald, Uwe"]
[Result "0-1"]
[WhiteElo "1556"]
[BlackElo "1911"]
[PlyCount "102"]
[EventDate "2010.01.07"]
[EventType "swiss"]
[EventRounds "6"]
[EventCountry "CAN"]

1. e4 e5 2. Nf3 Nc6 3. Bb5 a6 4. Ba4 Nf6 5. O-O Be7 6. Re1 b5 7. Bb3 d6 8. c3
O-O 9. h3 Nb8 10. d4 Nbd7 11. Nbd2 Bb7 12. Bc2 Re8 13. b3 c5 14. dxe5 dxe5 15.
c4 Qc7 16. cxb5 axb5 17. Qe2 Bc6 18. Nf1 Bf8 19. Ng3 g6 20. Bg5 Bg7 21. Qe3 Bb7
22. Bh6 Ra3 23. Red1 Rea8 24. Bxg7 Kxg7 25. Nh4 Kh8 26. Nhf5 gxf5 27. Nxf5 Ne8
28. Qh6 R3a6 29. Rxd7 Rxh6 30. Rxc7 Nxc7 31. Nxh6 Kg7 32. Nf5+ Kf6 33. g4 Rd8
34. Rd1 Rxd1+ 35. Bxd1 Bxe4 36. Be2 Bb1 37. a4 bxa4 38. bxa4 Bxf5 39. gxf5 Kxf5
40. a5 Ke4 41. a6 Kd4 42. a7 c4 43. Bxc4 Kxc4 44. Kg2 Kd4 45. Kf3 f5 46. h4 h5
47. Ke2 Ke4 48. f3+ Kf4 49. Kf2 e4 50. fxe4 fxe4 51. Ke2 e3 0-1

[Event "Scarborough CC Jack Frost"]
[Site "Toronto CAN"]
[Date "2010.01.14"]
[Round "2"]
[White "Yuan, Yuanling"]
[Black "Wiebe, Daniel"]
[Result "1/2-1/2"]
[WhiteElo "2324"]
[BlackElo "1930"]
[PlyCount "54"]
[EventDate "2010.01.07"]
[EventType "swiss"]
[EventRounds "6"]
[EventCountry "CAN"]

1. e4 c5 2. Nf3 d6 3. d4 cxd4 4. Nxd4 Nf6 5. Nc3 a6 6. Be3 e5 7. Nb3 Be6 8. f3
Nbd7 9. Qd2 b5 10. g4 Nb6 11. Qf2 Nc4 12. Bxc4 bxc4 13. g5 Nh5 14. Nc1 Be7 15.
h4 Rb8 16. Nd1 d5 17. exd5 Qxd5 18. Ne2 Bb4+ 19. Kf1 Bf5 20. a3 Bxc2 21. axb4
Bxd1 22. Kg2 Bxe2 23. Qxe2 Rxb4 24. Rxa6 Qb7 25. Ra2 O-O 26. Rd1 Rb8 27. Rd2
Qc6 1/2-1/2

[Event "Scarborough CC Jack Frost"]
[Site "Toronto CAN"]
[Date "2010.01.21"]
[Round "3"]
[White "Azmitia, Gabriel"]
[Black "Southam, David"]
[Result "0-1"]
[WhiteElo "1526"]
[BlackElo "2158"]
[PlyCount "77"]
[EventDate "2010.01.07"]
[EventType "swiss"]
[EventRounds "6"]
[EventCountry "CAN"]

1. d4 e6 2. Nf3 f5 3. a3 Nf6 4. b3 d5 5. e3 Bd6 6. Bb2 O-O 7. Bd3 Nbd7 8. Nbd2
Ne4 9. Qe2 Qe7 10. Ne5 Nxd2 11. Qxd2 Nxe5 12. dxe5 Bc5 13. g3 Bd7 14. h4 a5 15.
Qe2 Bc6 16. Rg1 b6 17. c3 Qf7 18. f4 h5 19. b4 Be7 20. Rc1 Bb7 21. Kf2 g6 22.
b5 Rfc8 23. c4 c6 24. cxd5 cxd5 25. a4 Qf8 26. Rc2 Rxc2 27. Qxc2 Rc8 28. Qb3
Kf7 29. Rc1 Bc5 30. Rc2 Rc7 31. Ke2 Qc8 32. Kd2 Ke8 33. Ke2 Kd7 34. Kf2 Qf8 35.
Rc1 Kd8 36. Ke2 Kc8 37. Kd2 Kb8 38. Ke2 Qc8 39. Rc2 0-1

[Event "Scarborough CC Jack Frost"]
[Site "Toronto CAN"]
[Date "2010.01.21"]
[Round "3"]
[White "Bellomo, Joe"]
[Black "Wu, Kevin"]
[Result "1-0"]
[WhiteElo "1748"]
[BlackElo "1917"]
[PlyCount "119"]
[EventDate "2010.01.07"]
[EventType "swiss"]
[EventRounds "6"]
[EventCountry "CAN"]

1. e4 c5 2. Nf3 d6 3. d4 cxd4 4. Nxd4 Nf6 5. Nc3 g6 6. Be3 Bg7 7. Qd2 Ng4 8.
Bg5 h6 9. Bh4 Nc6 10. Bb5 Bd7 11. Bxc6 bxc6 12. O-O O-O 13. Rad1 Ne5 14. b3 c5
15. Nde2 Nc6 16. Nd5 Be6 17. c4 Bxd5 18. exd5 Nd4 19. Nxd4 cxd4 20. Rfe1 g5 21.
Bg3 Re8 22. f4 e5 23. dxe6 fxe6 24. fxg5 hxg5 25. Qd3 e5 26. Qe4 Qe7 27. Qd5+
Qe6 28. Rxd4 Qxd5 29. Rxd5 Rad8 30. Red1 Re6 31. Bf2 Rd7 32. c5 Bf8 33. c6 Rc7
34. Rc1 Re8 35. b4 Kf7 36. b5 Ke6 37. Rdd1 Rb8 38. a4 d5 39. Re1 Bb4 40. Re2 e4
41. Bg3 Bd6 42. Bf2 Bb4 43. Rf1 Rf8 44. Bd4 Rxf1+ 45. Kxf1 Bd6 46. g3 Be5 47.
Be3 Bf6 48. Bc5 Be7 49. Be3 Bf6 50. Bd2 Rf7 51. Kg2 Bd8 52. a5 Ke5 53. Rf2
Rxf2+ 54. Kxf2 d4 55. Bxg5 Bxa5 56. Bf4+ Ke6 57. h4 e3+ 58. Ke2 Kd5 59. h5 Ke4
60. Bxe3 1-0

[Event "Scarborough CC Jack Frost"]
[Site "Toronto CAN"]
[Date "2010.01.21"]
[Round "3"]
[White "Bzikot, Robert"]
[Black "Sellars, Karl"]
[Result "0-1"]
[WhiteElo "1916"]
[BlackElo "2236"]
[PlyCount "62"]
[EventDate "2010.01.07"]
[EventType "swiss"]
[EventRounds "6"]
[EventCountry "CAN"]

1. e4 e6 2. d4 d5 3. Nc3 Bb4 4. Bd2 dxe4 5. Qg4 Nf6 6. Qxg7 Rg8 7. Qh6 Qxd4 8.
O-O-O Rg6 9. Qh4 Rg4 10. Qh6 Nbd7 11. Be3 Qe5 12. Nb5 Ba5 13. Bd4 Qf5 14. Ne2
Rg6 15. Qe3 Qxb5 16. Nf4 Qf5 17. Nxg6 hxg6 18. h3 Bb6 19. g4 Qa5 20. Bxb6 axb6
21. Bc4 Qe5 22. Qh6 Ke7 23. Rhe1 Ng8 24. Qh4+ g5 25. Qh7 Ngf6 26. Qh6 Qf4+ 27.
Kb1 Ne5 28. Bb3 Nf3 29. Qh8 Nd2+ 30. Ka1 Nd5 31. Qd4 Nf3 0-1

[Event "Scarborough CC Jack Frost"]
[Site "Toronto CAN"]
[Date "2010.01.21"]
[Round "3"]
[White "Cale, Ferdinand"]
[Black "Jizan, Masoud"]
[Result "1/2-1/2"]
[WhiteElo "1568"]
[BlackElo "1774"]
[PlyCount "77"]
[EventDate "2010.01.07"]
[EventType "swiss"]
[EventRounds "6"]
[EventCountry "CAN"]

1. e4 e6 2. Nf3 Nc6 3. d4 d5 4. e5 f6 5. Bb5 Bd7 6. Bxc6 Bxc6 7. O-O fxe5 8.
Nxe5 Nf6 9. Bg5 Bd6 10. f4 O-O 11. Re1 Qe8 12. Nxc6 bxc6 13. Bxf6 Rxf6 14. g3
Qg6 15. Kh1 Rb8 16. b3 c5 17. c3 Qh6 18. Nd2 Rg6 19. Qf3 Rf8 20. Nf1 Qh3 21.
Re3 cxd4 22. cxd4 c5 23. dxc5 Bxc5 24. Rd3 Rxf4 25. Rc1 Rgf6 26. Qg2 Qxg2+ 27.
Kxg2 Rf2+ 28. Kh3 Rxf1 29. Rxc5 Rf8 30. Rd2 g5 31. Rc7 R8f7 32. Rxf7 Kxf7 33.
b4 e5 34. Rd3 Kf6 35. a4 Ke6 36. b5 Kd6 37. a5 Kc7 38. Rd2 Kb7 39. Rd3 1/2-1/2

[Event "Scarborough CC Jack Frost"]
[Site "Toronto CAN"]
[Date "2010.01.21"]
[Round "3"]
[White "Casareno, Erwin"]
[Black "Bao, Stephen"]
[Result "1-0"]
[WhiteElo "2204"]
[BlackElo "1534"]
[PlyCount "127"]
[EventDate "2010.01.07"]
[EventType "swiss"]
[EventRounds "6"]
[EventCountry "CAN"]

1. e4 c5 2. Nf3 d6 3. d4 cxd4 4. Nxd4 Nf6 5. Nc3 a6 6. Be3 e5 7. Nb3 Be6 8. f3
Be7 9. Qd2 Nbd7 10. g4 Nb6 11. g5 Nfd7 12. h4 h6 13. O-O-O hxg5 14. Rg1 g4 15.
h5 Rxh5 16. fxg4 Rh4 17. g5 Qc7 18. Qf2 Rg4 19. Nd5 Nxd5 20. exd5 Rxg1 21. dxe6
Rxf1 22. exd7+ Qxd7 23. Qxf1 g6 24. Qf3 Qc6 25. Qxc6+ bxc6 26. Rh1 Kd7 27. Rh7
Ke6 28. Na5 Rc8 29. c4 d5 30. Kc2 d4 31. Bd2 e4 32. Rh4 e3 33. Re4+ Kf5 34.
Rxe7 exd2 35. Rxf7+ Kxg5 36. Kxd2 c5 37. Nb7 Rc6 38. Kd3 Kh4 39. b4 cxb4 40.
Kxd4 g5 41. Kd5 Rg6 42. c5 g4 43. c6 g3 44. Rf1 g2 45. Rg1 Rg5+ 46. Kc4 Rg4+
47. Kc5 Rg8 48. c7 Rc8 49. Kc6 Kh3 50. Kd7 Ra8 51. c8=Q Rxc8 52. Kxc8 Kh2 53.
Rb1 g1=Q 54. Rxg1 Kxg1 55. Kc7 Kf2 56. Kb6 Ke3 57. Kc5 Ke4 58. Kxb4 Kd5 59. Ka5
Kc6 60. Kxa6 Kc7 61. a4 Kb8 62. Kb6 Ka8 63. Nc5 Kb8 64. Ne6 1-0

[Event "Scarborough CC Jack Frost"]
[Site "Toronto CAN"]
[Date "2010.01.21"]
[Round "3"]
[White "Conte, Mike"]
[Black "Garel, Rick"]
[Result "0-1"]
[WhiteElo "1801"]
[BlackElo "1954"]
[PlyCount "79"]
[EventDate "2010.01.07"]
[EventType "swiss"]
[EventRounds "6"]
[EventCountry "CAN"]

1. e4 e6 2. d4 d5 3. exd5 Qxd5 4. c4 Qe4+ 5. Be3 Nf6 6. a3 Ng4 7. Nc3 Nxe3 8.
Nxe4 Nxd1 9. Rxd1 b6 10. Be2 Bb7 11. Bf3 Nc6 12. Nc3 O-O-O 13. Nge2 Na5 14.
Bxb7+ Kxb7 15. c5 bxc5 16. dxc5 Rxd1+ 17. Kxd1 Nc4 18. b4 Nxa3 19. f4 a5 20.
Kd2 axb4 21. Na4 Be7 22. Rc1 Rd8+ 23. Ke3 c6 24. Nd4 Bf6 25. Nb3 e5 26. Rf1
exf4+ 27. Kxf4 Nc4 28. Ke4 Ra8 29. Nb6 Nxb6 30. cxb6 Kxb6 31. Kd3 Ra2 32. Nd2
c5 33. Nc4+ Kc6 34. Ne3 Ra3+ 35. Ke2 Rxe3+ 36. Kxe3 c4 37. Rf5 b3 38. Kd2 c3+
39. Kd3 c2 40. Ra5 0-1

[Event "Scarborough CC Jack Frost"]
[Site "Toronto CAN"]
[Date "2010.01.21"]
[Round "3"]
[White "Ferreira, Alex"]
[Black "Bellissimo, Joseph"]
[Result "1-0"]
[WhiteElo "2060"]
[BlackElo "1612"]
[PlyCount "171"]
[EventDate "2010.01.07"]
[EventType "swiss"]
[EventRounds "6"]
[EventCountry "CAN"]

1. e4 e5 2. Nf3 Nf6 3. Nxe5 d6 4. Nf3 Nxe4 5. Nc3 Nxc3 6. dxc3 Be7 7. Be3 O-O
8. Bc4 Nc6 9. Qd2 a6 10. O-O-O Be6 11. Bxe6 fxe6 12. Bg5 Bxg5 13. Nxg5 Qf6 14.
f3 h6 15. Ne4 Qf4 16. Ng3 Qxd2+ 17. Rxd2 Ne5 18. Re1 Rae8 19. Rde2 Re7 20. Nh5
g6 21. Ng3 Kg7 22. Re4 Rf6 23. Rb4 c5 24. Rh4 Nf7 25. Rg4 Kh7 26. Ne4 Rf5 27.
Rd1 Ne5 28. Rg3 d5 29. Nxc5 Nc4 30. Nb3 Re5 31. Nd4 h5 32. b3 Nd6 33. Kd2 Nf5
34. Rg5 Kh6 35. h4 Re3 36. g3 Re5 37. Rf1 Rf7 38. g4 Nxd4 39. Rxe5 Nxf3+ 40.
Rxf3 Rxf3 41. gxh5 Rf2+ 42. Kd3 Rf3+ 43. Kd2 Rf2+ 44. Kd1 Rf1+ 45. Ke2 Rh1 46.
hxg6 Kxg6 47. Rxe6+ Kf5 48. Rb6 Rxh4 49. Rxb7 Rh2+ 50. Kd3 Ke5 51. Rb6 a5 52.
Ra6 Rh3+ 53. Kd2 Ke4 54. Rxa5 d4 55. cxd4 Kxd4 56. c3+ Ke4 57. Ra4+ Kd5 58.
Rd4+ Kc5 59. a4 Rh2+ 60. Kc1 Rh1+ 61. Kb2 Rh2+ 62. Ka3 Rh3 63. b4+ Kb6 64. Kb3
Ka6 65. Rd6+ Kb7 66. a5 Rh1 67. c4 Rb1+ 68. Ka4 Ra1+ 69. Kb5 Rf1 70. a6+ Ka7
71. Rd7+ Ka8 72. c5 Rf8 73. c6 Rf5+ 74. Kb6 Rf8 75. Ra7+ Kb8 76. c7+ Kc8 77.
Ra8+ Kd7 78. Rxf8 Kd6 79. Rd8+ Ke5 80. c8=Q Kf4 81. Qe6 Kg5 82. Rg8+ Kf4 83.
Rg4+ Kf3 84. Qe4+ Kf2 85. Rg2+ Kf1 86. Qe2# 1-0

[Event "Scarborough CC Jack Frost"]
[Site "Toronto CAN"]
[Date "2010.01.21"]
[Round "3"]
[White "Gillis, Doug"]
[Black "Song, Michael"]
[Result "0-1"]
[WhiteElo "1692"]
[BlackElo "1849"]
[PlyCount "38"]
[EventDate "2010.01.07"]
[EventType "swiss"]
[EventRounds "6"]
[EventCountry "CAN"]

1. e4 c5 2. Nf3 Nc6 3. d4 cxd4 4. Nxd4 g6 5. Nc3 Bg7 6. Be3 Nf6 7. Bc4 Qa5 8.
O-O O-O 9. Nxc6 dxc6 10. Qf3 Ng4 11. Bd2 Ne5 12. Qe2 Bg4 13. Bxf7+ Rxf7 14. f3
Be6 15. Rfd1 Nc4 16. Be1 Qb6+ 17. Kh1 Qe3 18. Rd3 Qxe2 19. Nxe2 Nxb2 0-1

[Event "Scarborough CC Jack Frost"]
[Site "Toronto CAN"]
[Date "2010.01.21"]
[Round "3"]
[White "Hahnewald, Uwe"]
[Black "Moffat, Andrei"]
[Result "0-1"]
[WhiteElo "1911"]
[BlackElo "2262"]
[PlyCount "58"]
[EventDate "2010.01.07"]
[EventType "swiss"]
[EventRounds "6"]
[EventCountry "CAN"]

1. e4 c5 2. c3 d5 3. exd5 Qxd5 4. d4 e5 5. dxe5 Qxd1+ 6. Kxd1 Nc6 7. Nf3 Bg4 8.
Bf4 Nge7 9. Nbd2 Ng6 10. Bg3 Be7 11. Be2 O-O 12. h3 Bf5 13. Bh2 Rad8 14. g4 Bd3
15. Bxd3 Rxd3 16. Kc2 Rfd8 17. Rad1 c4 18. Bg3 b5 19. Ne1 R3d5 20. f4 Bc5 21.
Nef3 Be3 22. f5 Ngxe5 23. Nxe5 Rxd2+ 24. Rxd2 Rxd2+ 25. Kb1 Nxe5 26. Bxe5 f6
27. Bb8 Kf7 28. Rh2 Rd1+ 29. Kc2 Rc1# 0-1

[Event "Scarborough CC Jack Frost"]
[Site "Toronto CAN"]
[Date "2010.01.21"]
[Round "3"]
[White "Huston, Scott"]
[Black "Marcille, Gord"]
[Result "1-0"]
[WhiteElo "1598"]
[BlackElo "1827"]
[PlyCount "79"]
[EventDate "2010.01.07"]
[EventType "swiss"]
[EventRounds "6"]
[EventCountry "CAN"]

1. c4 Nf6 2. g3 e6 3. Bg2 c5 4. Nc3 Nc6 5. d3 Be7 6. Nf3 d5 7. cxd5 exd5 8. Bf4
O-O 9. O-O d4 10. Ne4 Nd5 11. Qc1 f5 12. Nxc5 Nxf4 13. gxf4 Rf6 14. e4 Bxc5 15.
Qxc5 fxe4 16. dxe4 Rxf4 17. Rad1 Bg4 18. Rd3 Bxf3 19. Rxf3 Rxf3 20. Bxf3 Qf6
21. Be2 Rf8 22. f3 Qf4 23. Rf2 Rf6 24. Bc4+ Kh8 25. Qd5 Rg6+ 26. Kh1 Qf8 27. e5
d3 28. a3 Ne7 29. Qxb7 d2 30. Rxd2 Nc6 31. Qf7 Qc8 32. Qd7 Qxd7 33. Rxd7 h5 34.
e6 Rf6 35. e7 Nxe7 36. Rxe7 Rxf3 37. Rxa7 Kh7 38. Kg2 Re3 39. Ra6 g6 40. Re6
1-0

[Event "Scarborough CC Jack Frost"]
[Site "Toronto CAN"]
[Date "2010.01.21"]
[Round "3"]
[White "Kurkowski, Ken"]
[Black "Rapoport, Alexander"]
[Result "0-1"]
[WhiteElo "1626"]
[BlackElo "1855"]
[PlyCount "108"]
[EventDate "2010.01.07"]
[EventType "swiss"]
[EventRounds "6"]
[EventCountry "CAN"]

1. d4 d5 2. c4 e6 3. Nc3 f5 4. Nf3 Nf6 5. g3 c6 6. Bg2 Bd6 7. O-O O-O 8. Ne5
Nbd7 9. Bf4 Qc7 10. cxd5 exd5 11. Rc1 Qb8 12. Nxd7 Bxd7 13. Bxd6 Qxd6 14. e3
Rae8 15. a3 Ng4 16. Qd2 Qh6 17. h3 Nf6 18. f4 Re7 19. Rfe1 Rfe8 20. b4 Kh8 21.
Qf2 Rg8 22. b5 Ne4 23. Nxe4 fxe4 24. bxc6 bxc6 25. Kh2 Bf5 26. Qc2 Re6 27. Qa4
g5 28. Rg1 Bxh3 29. Bxh3 g4 30. Kg2 gxh3+ 31. Kh2 Qh5 32. Qc2 Qf3 33. Qd2 Reg6
34. Qe1 Rb8 35. Rc2 Rb3 36. Qa5 Rg8 37. Qc7 Qg4 38. Qxc6 Rxe3 39. Qf6+ Qg7 40.
Qxg7+ Rxg7 41. Rc8+ Rg8 42. Rxg8+ Kxg8 43. Ra1 Rd3 44. Kxh3 Rxd4 45. Kg4 Rd3
46. a4 e3 47. Kf3 d4 48. Ke2 Rd2+ 49. Ke1 Kf7 50. Rb1 Kg6 51. Rb7 d3 52. Rxa7
Ra2 53. Ra6+ Kf5 54. Ra5+ Kg4 0-1

[Event "Scarborough CC Jack Frost"]
[Site "Toronto CAN"]
[Date "2010.01.21"]
[Round "3"]
[White "Maister, Martin"]
[Black "Stewart, Frankie"]
[Result "1-0"]
[WhiteElo "1879"]
[BlackElo "1770"]
[PlyCount "135"]
[EventDate "2010.01.07"]
[EventType "swiss"]
[EventRounds "6"]
[EventCountry "CAN"]

1. Nf3 Nf6 2. c4 c5 3. Nc3 d6 4. e4 e6 5. Be2 Nc6 6. O-O Be7 7. d4 cxd4 8. Nxd4
a6 9. Be3 Bd7 10. Nc2 Ne5 11. Nd4 O-O 12. f4 Ng6 13. b3 Qa5 14. Rc1 Rfe8 15.
Kh1 Bf8 16. Bd2 Qb6 17. Nc2 Bc6 18. Be3 Qc7 19. Bd3 Rab8 20. Qe1 b5 21. Nb4 Bb7
22. cxb5 Qa5 23. Nxa6 Bxa6 24. bxa6 Nd7 25. Na4 Qd8 26. Qf2 Qa5 27. Bd2 Qd8 28.
Rc2 Nc5 29. Nxc5 dxc5 30. Bc4 Qb6 31. Be3 Red8 32. f5 Ne5 33. fxe6 fxe6 34. Be2
Be7 35. Bxc5 Bxc5 36. Qxc5 Qxc5 37. Rxc5 Rd2 38. Rxe5 Rxe2 39. Rxe6 Rxa2 40. h3
Rb2 41. a7 Ra8 42. Re7 Rxb3 43. Rff7 Rg3 44. Rb7 h5 45. Rfc7 Kh7 46. Rb8 Rxa7
47. Rxa7 Re3 48. Rb4 Kh6 49. Kg1 Re2 50. Kf1 Rc2 51. e5 Kg6 52. e6 Kf6 53. e7
Rc1+ 54. Ke2 Rc2+ 55. Kd3 Rc8 56. Re4 Re8 57. g4 hxg4 58. hxg4 g5 59. Rd7 Kf7
60. Kd4 Kf6 61. Kd5 Kf7 62. Re5 Kf6 63. Rf5+ Kg7 64. Rxg5+ Kf6 65. Rf5+ Kg7 66.
Ke6 Ra8 67. e8=Q+ Kh6 68. Rh5# 1-0

[Event "Scarborough CC Jack Frost"]
[Site "Toronto CAN"]
[Date "2010.01.21"]
[Round "3"]
[White "Manalo, Pepin"]
[Black "Peng, Bill"]
[Result "0-1"]
[WhiteElo "1808"]
[BlackElo "2138"]
[PlyCount "94"]
[EventDate "2010.01.07"]
[EventType "swiss"]
[EventRounds "6"]
[EventCountry "CAN"]

1. d4 Nf6 2. Nf3 e6 3. c4 b6 4. Nc3 Bb7 5. Qc2 Be7 6. e4 d6 7. Bg5 Nbd7 8. Be2
c5 9. d5 exd5 10. exd5 Nxd5 11. Bxe7 Nxe7 12. O-O-O Nf6 13. Rhe1 O-O 14. h3 Ng6
15. g3 Re8 16. Nh2 d5 17. cxd5 Nxd5 18. Rd2 Qg5 19. h4 Nxh4 20. gxh4 Qf4 21.
Nf1 Qxf2 22. Red1 Nb4 23. Qb3 Qf4 24. Kb1 Nc6 25. Nd5 Qe5 26. Qg3 Rad8 27. Qxe5
Rxe5 28. Nf6+ gxf6 29. Rxd8+ Nxd8 30. Rxd8+ Kg7 31. Rd2 Be4+ 32. Kc1 Bd5 33. b3
Be6 34. Ng3 Kh6 35. Kc2 f5 36. Bf3 Re3 37. Rf2 Re1 38. Ne2 Ra1 39. Kb2 Rd1 40.
Nc3 Rd4 41. h5 Rf4 42. Ne2 Rh4 43. Kc2 Kg5 44. Kd2 Kf6 45. Ke3 Ke5 46. Rg2 c4
47. bxc4 Bxc4 0-1

[Event "Scarborough CC Jack Frost"]
[Site "Toronto CAN"]
[Date "2010.01.21"]
[Round "3"]
[White "Moran-Venegas, Mario"]
[Black "Hacatoglu, Kevork"]
[Result "0-1"]
[WhiteElo "1634"]
[BlackElo "2209"]
[PlyCount "52"]
[EventDate "2010.01.07"]
[EventType "swiss"]
[EventRounds "6"]
[EventCountry "CAN"]

1. e4 e6 2. d4 d5 3. Nc3 Bb4 4. e5 c5 5. a3 Bxc3+ 6. bxc3 Qc7 7. Bd2 Ne7 8. Qg4
cxd4 9. cxd4 Qxc2 10. Rc1 Qe4+ 11. Qxe4 dxe4 12. Bb4 Nbc6 13. Bxe7 Kxe7 14. Ne2
Rd8 15. Rc4 Bd7 16. Nc3 Na5 17. Rb4 Bc6 18. Nb5 Bxb5 19. Bxb5 a6 20. Ba4 b5 21.
Bc2 Rac8 22. Rb2 Rxd4 23. O-O Rd2 24. Rc1 Rc3 25. Kf1 Nc4 26. Ra2 e3 0-1

[Event "Scarborough CC Jack Frost"]
[Site "Toronto CAN"]
[Date "2010.01.21"]
[Round "3"]
[White "Moysoski, Randy"]
[Black "Mesiti, Silvano"]
[Result "0-1"]
[WhiteElo "1969"]
[BlackElo "1696"]
[PlyCount "86"]
[EventDate "2010.01.07"]
[EventType "swiss"]
[EventRounds "6"]
[EventCountry "CAN"]

1. e4 e5 2. f4 exf4 3. Bc4 Qh4+ 4. Kf1 Bc5 5. d4 Bd6 6. Nf3 Qg4 7. Bxf7+ Kf8 8.
Bc4 b6 9. Nc3 Ba6 10. Qd3 Bxc4 11. Qxc4 c6 12. a4 h6 13. h4 Ne7 14. Bd2 Ng6 15.
h5 Ne7 16. Rh4 Qe6 17. d5 Qf6 18. Re1 Be5 19. Rg4 g5 20. hxg6 Nxg6 21. Nxe5
Nxe5 22. Rxf4 Qxf4+ 23. Bxf4 Nxc4 24. b3 Na5 25. Ke2 Ke7 26. Rh1 h5 27. g4 h4
28. Bg5+ Kf7 29. Bxh4 Na6 30. Kf3 Nb4 31. Kg3 Kg6 32. Ne2 Nxc2 33. Nf4+ Kg7 34.
Nh5+ Kg6 35. Rc1 Nd4 36. Nf4+ Kg7 37. b4 Nab3 38. Rf1 Raf8 39. Be7 Ne2+ 40.
Nxe2 Rxf1 41. Bd6 Kf7 42. Nf4 Nd2 43. Kg2 Ra1 0-1

[Event "Scarborough CC Jack Frost"]
[Site "Toronto CAN"]
[Date "2010.01.21"]
[Round "3"]
[White "Pedersen, Rune"]
[Black "Al Ganabi, Haqi"]
[Result "1-0"]
[WhiteElo "2356"]
[BlackElo "1990"]
[PlyCount "77"]
[EventDate "2010.01.07"]
[EventType "swiss"]
[EventRounds "6"]
[EventCountry "CAN"]

1. e4 e6 2. d4 d5 3. Nc3 Nf6 4. e5 Nfd7 5. f4 c5 6. Nf3 Nc6 7. Ne2 cxd4 8.
Nexd4 Bc5 9. c3 Nxd4 10. cxd4 Bb4+ 11. Bd2 Qa5 12. Bd3 Bxd2+ 13. Qxd2 Qxd2+ 14.
Kxd2 f6 15. Rac1 O-O 16. a4 a5 17. Rc7 fxe5 18. fxe5 Nb6 19. Bb5 Nc4+ 20. Bxc4
dxc4 21. Rc1 b6 22. R1xc4 Rb8 23. Re7 Rf7 24. Rcc7 Rxe7 25. Rxe7 Kf8 26. Rc7 h6
27. Nh4 Bb7 28. Ng6+ Kg8 29. Nf4 g5 30. Nh5 Bc8 31. Nf6+ Kf8 32. Rh7 b5 33.
Rh8+ Kg7 34. Rg8+ Kf7 35. axb5 Ra8 36. b6 a4 37. g4 Ke7 38. b7 Bxb7 39. Rg7+
1-0

[Event "Scarborough CC Jack Frost"]
[Site "Toronto CAN"]
[Date "2010.01.21"]
[Round "3"]
[White "Philip, Andrew"]
[Black "Rutherdale, William"]
[Result "0-1"]
[WhiteElo "1612"]
[BlackElo "1737"]
[PlyCount "85"]
[EventDate "2010.01.07"]
[EventType "swiss"]
[EventRounds "6"]
[EventCountry "CAN"]

1. d4 d5 2. Bg5 Nf6 3. Bxf6 gxf6 4. e3 Bf5 5. Bd3 Bg6 6. Bxg6 hxg6 7. Nf3 c6 8.
Nbd2 Nd7 9. c3 e5 10. e4 dxe4 11. Nxe4 f5 12. Ned2 e4 13. Ne5 Nxe5 14. dxe5 Qd3
15. Qe2 O-O-O 16. Rd1 Bh6 17. Nc4 Qxd1+ 18. Qxd1 Rxd1+ 19. Kxd1 Rd8+ 20. Ke2
Kc7 21. a4 Rd7 22. g3 Bg7 23. Rd1 Re7 24. f4 exf3+ 25. Kxf3 Bxe5 26. Re1 f6 27.
h4 b5 28. axb5 cxb5 29. Ne3 Kc6 30. h5 gxh5 31. Nxf5 Rd7 32. Re2 Kc5 33. Rh2
Kc4 34. Rh4+ Kd3 35. Rh2 a5 36. Ne3 Bxg3 37. Kxg3 Kxe3 38. Rxh5 Rb7 39. Rf5 Rb6
40. c4 bxc4 41. Rxa5 Rxb2 42. Rc5 Kd3 43. Rc6 0-1

[Event "Scarborough CC Jack Frost"]
[Site "Toronto CAN"]
[Date "2010.01.21"]
[Round "3"]
[White "Ugodnikov, Arkadiy"]
[Black "Xie, Peter"]
[Result "1-0"]
[WhiteElo "1839"]
[BlackElo "1556"]
[PlyCount "79"]
[EventDate "2010.01.07"]
[EventType "swiss"]
[EventRounds "6"]
[EventCountry "CAN"]

1. e4 e5 2. Nf3 Nc6 3. Bb5 a6 4. Ba4 Nf6 5. O-O Be7 6. Re1 b5 7. Bb3 d6 8. c3
Na5 9. Bc2 O-O 10. h3 c5 11. d4 Nd7 12. Nbd2 exd4 13. cxd4 Nc6 14. Nf1 Nb6 15.
Ng3 Bh4 16. Nxh4 Qxh4 17. dxc5 dxc5 18. Qd6 Qf6 19. Qxc5 Nd7 20. Qe3 Nde5 21.
Rb1 Nc4 22. Qc5 N6e5 23. f4 Nd7 24. Qf2 Bb7 25. b3 Ncb6 26. Bb2 Qe7 27. Nf5 Qc5
28. Bd4 Qc7 29. Bxg7 f6 30. Bxf8 Kxf8 31. Qg3 Ke8 32. Qg7 Qc5+ 33. Kh1 Kd8 34.
Rbc1 Bc6 35. Bb1 Qf2 36. Qe7+ Kc7 37. Qd6+ Kd8 38. Qxc6 Qxf4 39. Red1 Rb8 40.
Qxf6+ 1-0

[Event "Scarborough CC Jack Frost"]
[Site "Toronto CAN"]
[Date "2010.01.21"]
[Round "3"]
[White "Verde, Pino"]
[Black "Perez, Michael"]
[Result "1/2-1/2"]
[WhiteElo "1824"]
[BlackElo "1734"]
[PlyCount "76"]
[EventDate "2010.01.07"]
[EventType "swiss"]
[EventRounds "6"]
[EventCountry "CAN"]

1. Nf3 Nf6 2. d3 d5 3. Nbd2 Nc6 4. g3 Bf5 5. Bg2 Qd7 6. h4 h5 7. Nf1 e5 8. Ne3
Bg6 9. Bh3 Ng4 10. c3 f5 11. Qb3 O-O-O 12. a4 a5 13. Qb5 Be7 14. Nc2 e4 15.
Nfd4 Nce5 16. Qxa5 c6 17. Bf4 exd3 18. Nb4 d2+ 19. Kf1 Bd6 20. Qa8+ Kc7 21.
Nb5+ cxb5 22. Nxd5+ Kc6 23. axb5+ Kxd5 24. Qa2+ Nc4 25. Bg2+ Ke6 26. Qxc4+ Ke7
27. Bg5+ Nf6 28. Rd1 Ra8 29. Qd3 Rhd8 30. Qxd2 Qxb5 31. Bd5 Bf7 32. Qe3+ Kf8
33. Bxf6 Bxd5 34. Bxg7+ Kxg7 35. Qg5+ Kh8 36. Qxh5+ Kg7 37. Qg5+ Kh8 38. Qf6+
Kg8 1/2-1/2